Stolice państw położone najbliżej Jerozolimy na mapie - Statystyki

Ogólne statystyki
  • Ten quiz został rozwiązany 3 684 razy
  • Średni wynik to 14 z 20
Odpowiedzi na mapie
Odpowiedzi zakodowano w zielono-czerwonej skali na mapie do tego quizu, zgodnie z poniższymi procentami.
 
Statystyki odpowiedzi
km Stolica % Poprawnych
932 Ankara
91%
1256 Ateny
89%
430 Kair
89%
1606 Sofia
81%
1619 Bukareszt
79%
217 Damaszek
79%
415 Nikozja
76%
1559 Teheran
76%
1736 Tirana
76%
1670 Skopje
74%
237 Bejrut
72%
879 Bagdad
70%
1735 Prisztina
70%
1376 Rijad
67%
1628 Baku
64%
1250 Kuwejt
62%
71 Amman
61%
1253 Erywań
61%
1396 Tbilisi
61%
1616 Manama
38%
Nie znaleziono quizów pasujących do podanych kryteriów
Rozkład punktacji
Procent ludzi z każdym wynikiem
Percentyl według liczby udzielonych odpowiedzi
Twoja historia wyników
Nie rozwiązałeś tego quizu